| 000 | 00000nam 2200000za 4500 |
| 001 | 9.590228 |
| 003 | CaOODSP |
| 005 | 20221107134113 |
| 007 | cr ||||||||||| |
| 008 | 150406s1998 onc|||||o f00| 0 fre d |
| 020 | |a978-1-100-54786-2 |
| 040 | |aCaOODSP|bfre |
| 041 | |aeng |
| 041 | |afre |
| 043 | |an-cn--- |
| 086 | 1 |aM86-9/1998-PDF |
| 245 | 00|aGazetteer of Canada. |pSaskatchewan |h[ressource électronique] = |bRépertoire toponymique du Canada. Saskatchewan / |cpublié pour le Comité permanent canadien des noms géographiques par le Centre d'information topographique, Géomatique Canada, Ressources naturelles Canada, et par la SaskGeomatics Division, Saskatchewan Property Management Corporation. |
| 250 | |a4e édition |
| 260 | |aOttawa : |bCentre d'information topographique, Géomatique Canada : |bSaskGeomatics Division, Saskatchewan Property Management Corporation : |c1998. |
| 300 | |a125p.|bcartes, tableaux |
| 500 | |a«Numérisé par Éditions et Services de dépôt, Travaux publics et Services gouvernementaux Canada - 2014» |
| 546 | |aTexte en français et en anglais. |
| 590 | |a14-18-Supp|b2014-10-15 |
| 710 | 1 |aCanada.|bRessources naturelles Canada. |bComité permanent canadien des noms géographiques. |
| 776 | 0#|tSaskatchewan |w(CaOODSP)9.530648 |
| 791 | |tGazetteer of Canada. |eeng|w(CaOODSP)9.590227 |
| 856 | 40|ahttp://publications.gc.ca|qPDF|s10.41 Mo|uhttps://publications.gc.ca/collections/collection_2014/rncan-nrcan/M86-9-1998.pdf |